Cena pana Alfreda Nobela. 1988 - Teorie trhů a efektivní alokace zdrojů.
V roku 1988 získal Nobelovu cenu za ekonómiu francúzsky ekonóm Maurice Allais. Cenu dostal za priekopnícke príspevky k teórii trhov a efektívnej alokácii zdrojov.
Gespeichert in:
| Format: | Buchkapitel |
|---|---|
| Sprache: | Tschechisch |
| Schlagworte: | |
| Tags: |
Keine Tags, Fügen Sie das erste Tag hinzu!
|
MARC
| LEADER | 00000naa a2200000 4500 | ||
|---|---|---|---|
| 001 | r013533 | ||
| 005 | 20221213083213.1 | ||
| 041 | 0 | |a cze | |
| 044 | |a CZ | ||
| 245 | 1 | 0 | |a Cena pana Alfreda Nobela. |b 1988 - Teorie trhů a efektivní alokace zdrojů. |
| 520 | |a V roku 1988 získal Nobelovu cenu za ekonómiu francúzsky ekonóm Maurice Allais. Cenu dostal za priekopnícke príspevky k teórii trhov a efektívnej alokácii zdrojov. | ||
| 610 | 2 | 0 | |a Nobelova cena |
| 610 | 2 | 0 | |a ekonómia |
| 610 | 2 | 0 | |a 1988 |
| 610 | 2 | 0 | |a Allais, M. |
| 610 | 2 | 0 | |a trh |